|
|
|
|
| LEADER |
00000nab a2200000 4500 |
| 001 |
vtls012130819 |
| 003 |
SK-MaSNL |
| 005 |
20260318124320.0 |
| 008 |
220412|2022 xo |||| || ||00 0|hun |
| 015 |
|
|
|a SNBRB2022/04
|
| 040 |
|
|
|a DSZK
|b slo
|c DSZK
|e rda
|
| 041 |
|
|
|a hun
|a slo
|
| 043 |
|
|
|a e-xo---
|
| 044 |
|
|
|a xo
|c SK
|
| 072 |
|
7 |
|a 94(439)
|x Dejiny Maďarska
|2 konspekt
|
| 080 |
|
|
|a 94(439)"1956"
|2 2011
|
| 100 |
1 |
|
|a (na)
|4 aut
|9 851278
|
| 245 |
1 |
0 |
|a A kommunizmus áldozataira emlékeztek
|c [szerző] (na)
|
| 300 |
|
|
|b Fotografie
|
| 336 |
|
|
|a text
|b txt
|2 rdacontent
|
| 337 |
|
|
|a bez média
|b n
|2 rdamedia
|
| 338 |
|
|
|a zväzok
|b nc
|2 rdacarrier
|
| 546 |
|
|
|a Dvojjazyčné vydanie
|
| 600 |
1 |
7 |
|a Karaffa, Attila
|2 dszk
|9 336072
|
| 600 |
1 |
7 |
|a Czimbalmosné Molnár, Éva,
|d 1959-
|2 dszk
|9 1082047
|
| 600 |
1 |
7 |
|a Venyercsan, Pál
|2 dszk
|9 1294008
|
| 610 |
2 |
7 |
|a Pázmaneum (občianske združenie)
|2 dszk
|9 112448
|
| 610 |
2 |
7 |
|a Kultúrny inštitút Maďarskej republiky (Bratislava, Slovensko)
|2 SNKKA
|9 34215
|
| 610 |
2 |
7 |
|a Nemzetpolitikai Államtitkárság Felvidéki Főosztálya (Budapešť, Maďarsko)
|2 dszk
|9 1110546
|
| 650 |
0 |
7 |
|a komunizmus
|2 SNKPH
|9 2152
|
| 650 |
0 |
7 |
|a maďarské povstanie (1956)
|2 SNKPH
|9 176544
|
| 650 |
0 |
7 |
|a kresťanskí mučeníci
|2 SNKPH
|9 69002
|
| 651 |
|
7 |
|a Dunajská Streda (Slovensko)
|2 SNKPHgeo
|9 17375
|
| 651 |
|
7 |
|a Budapešť (Maďarsko)
|2 SNKPHgeo
|9 17734
|
| 773 |
0 |
|
|t Dunaszerdahelyi hírnök = Dunajskostredský hlásnik
|g Évf. 30, sz. 3 (2022), o. 14
|x 1339-3707
|
| 852 |
|
|
|a DSZK
|b KIS3GCP
|
| 958 |
|
|
|a SK
|
| 958 |
|
|
|a HU
|
| 958 |
|
|
|a RG
|
| 999 |
|
|
|c 2984044
|d 2985974
|